| 000 | 00701nam a2200217 a 4500 | ||
|---|---|---|---|
| 001 | 000012941 | ||
| 005 | 20240530073915.0 | ||
| 008 | 091118s1977 dr a 000 f spa d | ||
| 040 |
_aDO-SdBNP _bspa _cBNPHU |
||
| 082 |
_aRD863.44 _bR666r |
||
| 100 | 1 |
_aRobiou, José Ramón _929845 |
|
| 240 | 1 | 0 |
_aI tell you later _lespañol |
| 245 | 1 | 3 |
_aEl revolucionario : _bte lo dire de después, novela / _cJosé Ramón Robiou. |
| 260 |
_aSanto Domingo : _bTribuna Hispanica, _c1977. |
||
| 300 |
_a246 p. : _bil. ; _c20 cm. |
||
| 500 | _aTitulo original en inglés | ||
| 650 | 0 |
_aNovela dominicana _9223 |
|
| 650 | 0 |
_aLiteratura dominicana. _967 |
|
| 910 | _aValidado. Control de calidad MFF | ||
| 049 | _aBNPD | ||
| 999 |
_c12589 _d12589 |
||